000 00864nam a2200253Ia 4500
003 OSt
005 20221005112221.0
006 a|||||r|||| 00| 0
007 ta
008 221004b |||||||| |||| 00| 0 pan d
020 _a9788171436224 (hbk)
_c180
024 _a23402
037 _b913, 20/03/2015, H.K. Prakashan
_cTextual
040 _aCRL
_cCRL
_bpan
041 _2pan
_apan
082 _aY:1.243, 153Q4
100 _aਦਰਿਆ
245 0 _aਪੰਜਾਬ ਦੇ ਕਬੀਲੇ
_b ਅਤੀਤ ਤੇ ਵਰਤਮਾਨ
260 _aਅੰਮ੍ਰਿਤਸਰ
_bਰਵੀ ਸਾਹਿਤ ਪ੍ਰਕਾFਨ ਭਾਰਤ
_c2014
300 _a135ਪ੍ਰ0
_ccm.
650 _aਸਮਾਜ Fਾਸਤਰ
942 _hY:1.243, 153Q4
_cTEXL
_2cc
999 _c1024224
_d1024224